La Biblia del diseño interior / (Registro nro. 9771)
[ vista simple ]
| 000 -LEADER | |
|---|---|
| Campo de control de longitud fija | 01602nam a22003257a 4500 |
| 003 - IDENTIFICADOR DEL NÚMERO DE CONTROL | |
| Campo de control | PE SENCICO BE |
| 005 - FECHA Y HORA DE LA ÚLTIMA TRANSACCIÓN | |
| Campo de control | 20260226150357.0 |
| 008 - ELEMENTOS DE LONGITUD FIJA - INFORMACIÓN GENERAL | |
| Campo de control de longitud fija | 251113b |||||||| |||| 00| 0 eng d |
| 020 ## - ISBN | |
| ISBN | 978-9962-04-057-6 |
| 040 ## - FUENTE DE CATALOGACIÓN | |
| Origen de catalogación | PE SENCICO BE |
| Agencia que realiza la transcripción | PE SENCICO BE |
| 041 ## - CÓDIGO DE IDIOMA | |
| Idioma del texto | spa |
| 082 ## - NÚMERO DE CLASIFICACIÓN DECIMAL DEWEY | |
| Código de Clasificación Dewey | 747 |
| Notación Interna | S42 |
| 100 1# - ASIENTO PRINCIPAL--NOMBRE PERSONAL | |
| Autor Personal | Serrats, Marta |
| 9 (RLIN) | 33 |
| Término relacionado | autor |
| 245 1# - MENCIÓN DEL TITULO | |
| Título | La Biblia del diseño interior / |
| Mención de responsabilidad | Marta Serrats, Claudia Martinez Alonso ; editor: Simone K. Schleifer |
| 250 ## - MENCIÓN DE EDICIÓN | |
| Edición | [1a ed.] |
| 260 ## - PUBLICACIÓN, DISTRIBUCIÓN, ETC. (PIE DE IMPRENTA) | |
| Lugar de publicación, distribución, etc. | Barcelona : |
| Nombre de la Editorial, Distribuidor, etc. | Lexus editores ; |
| Fecha de publicación, distribución, etc. | 2012 |
| 300 ## - DESCRIPCIÓN FÍSICA | |
| Paginación | 591 páginas : |
| Otros detalles físicos | Ilustraciones, planos ; |
| Dimensión | 24 cm. |
| 505 0# - NOTA DE CONTENIDO CON FORMATO PREESTABLECIDOE | |
| Contenido o índice | Autoban -- Bearandbunny -- Blacksheep -- Clive Wilkinson Architects -- Corvin cristian -- Curiosity -- DAPstockholm -- El último grito -- Filippo Bombace -- Formavisión -- Giorgio Borruso Desing |
| 520 3# - NOTA DE RESUMEN, ETC. | |
| Resumen, etc. | Propone un recorrido por los mejores interiores realizados hasta hoy nivel internacional. De la mano de los más destacados diseñadores de interiores contemporáneos, explora el camino actual del interiorismo, un sector que en boca de algunos, parece ser ya mayor de edad y reclama una reformulación de los planteamientos utilizados hasta ahora. |
| 650 10 - ASIENTO SECUNDARIO DE MATERIA - TERMINO TEMÁTICO | |
| Término de tema o elemento de entrada de nombre geográfico | Diseño de interiores |
| 9 (RLIN) | 315 |
| 650 20 - ASIENTO SECUNDARIO DE MATERIA - TERMINO TEMÁTICO | |
| Término de tema o elemento de entrada de nombre geográfico | Arquitectura de viviendas |
| 9 (RLIN) | 409 |
| 650 20 - ASIENTO SECUNDARIO DE MATERIA - TERMINO TEMÁTICO | |
| Término de tema o elemento de entrada de nombre geográfico | Centros comerciales |
| 9 (RLIN) | 466 |
| 650 20 - ASIENTO SECUNDARIO DE MATERIA - TERMINO TEMÁTICO | |
| Término de tema o elemento de entrada de nombre geográfico | Color en el diseño |
| 9 (RLIN) | 435 |
| 650 20 - ASIENTO SECUNDARIO DE MATERIA - TERMINO TEMÁTICO | |
| Término de tema o elemento de entrada de nombre geográfico | Distribución de espacios (viviendas) |
| 9 (RLIN) | 395 |
| 650 20 - ASIENTO SECUNDARIO DE MATERIA - TERMINO TEMÁTICO | |
| Término de tema o elemento de entrada de nombre geográfico | Proyectos de edificaciones |
| 9 (RLIN) | 436 |
| 700 1# - ASIENTO SECUNDARIO--NOMBRE PERSONAL | |
| Autor Personal | Martinez Alonso, Claudia |
| Término de relación | autor |
| 700 1# - ASIENTO SECUNDARIO--NOMBRE PERSONAL | |
| Autor Personal | Schleifer, Simone K. |
| 9 (RLIN) | 55 |
| Término de relación | editor |
| 910 ## - RESPONSABLE DEL REGISTRO | |
| Coordinador de procesamiento de la información | hfp |
| 942 ## - ELEMENTOS DE KOHA | |
| Fuente de clasificación o esquema de estanterías | Dewey Decimal Classification |
| Tipo de documento | Libros |
| 999 ## - | |
| -- | 9771 |
| -- | 9771 |
| Estado Retiro | Estado Perdido | Sistema de Clasificación o Esquema de Estantería | Estado Dañado | No es para préstamo | Ubicación Permanente | Ubicación Actual | Fecha de adquisición | Total Checkouts | Signatura topográfica completa | Código de Barras | Date last seen | Precio efectivo desde | Tipo de ítem |
|---|---|---|---|---|---|---|---|---|---|---|---|---|---|
| Dewey Decimal Classification | Biblioteca Arequipa | Biblioteca Arequipa | 13/11/2025 | 747/S42 | BibZareq25112532 | 13/11/2025 | 13/11/2025 | Libros |